000 00241nam a2200097Ia 4500
008 230508s1996 xx 000 0 und d
041 _aeng
100 _aWARREN HAMMER
245 _aBLUE PRINT READING BASICS
260 _bINDUSTRIAL PRESS
_c1996
999 _c740828
_d740828